000 01883nam0a2200325 4500
001 RU\NLR\bibl\980875
005 20260405112601.0
010 _a5-8088-0162-1
_9120
021 _aRU
_b2006-40160
_92014
035 _a(NLR Aleph) 000968773
090 _a385878
_c385878
100 _a20060905d2006 |||y0rusy50 ca
101 0 _arus
102 _aRU
105 _aa |||||||||
200 1 _aПринятие решений в условиях нечеткой информации
_eучебное пособие
_fА. Н. Павлов, Б. В. Соколов
_gФедер. агентство по образованию, Гос. образоват. учреждение высш. проф. образования С.-Петерб. гос. ун-т аэрокосм. приборостроения
210 _aСанкт-Петербург
_cГОУ ВПО "Санкт-Петербургский государственный университет аэрокосмического приборостроения"
_d2006
215 _a71 с.
_cил.
_d21
320 _aБиблиогр.: с. 69-70 (18 назв.)
606 1 _aПринятие решений
_jУчебные издания для высших учебных заведений
_xНечеткое моделирование
_92447882
_3RU\NLR\auth\661455692
686 _aВ175.2я73-1
700 1 _4070
_8rus
_7ca
_aПавлов
_bА.Н.
_cканд. техн. наук, системы управления
_gАлександр Николаевич
_3RU\NLR\AUTH\7729145
_912174
701 1 _4070
_8rus
_7ca
_aСоколов
_bБ. В.
_cд-р техн. наук, системотехника
_gБорис Владимирович
_3RU\NLR\AUTH\7743405
_926348
801 0 _aRU
_bNLR
_c20060905
_grcr
801 1 _aRU
_bNLR
_c20060905
830 _aАвт. по кн
942 _cBOOK
980 _aNB